Online
Catalog

Problemas comunes de américa / (Record no. 14449)

MARC details
000 -CABECERA
campo de control de longitud fija 00777nam a2200217 a 4500
001 - NÚMERO DE CONTROL
campo de control 000014869
005 - FECHA Y HORA DE LA ÚLTIMA TRANSACCIÓN
campo de control 20240422203111.0
008 - DATOS DE LONGITUD FIJA--INFORMACIÓN GENERAL
campo de control de longitud fija 100126m19992000ec 000 0 spa d
020 ## - NÚMERO INTERNACIONAL ESTÁNDAR DEL LIBRO
Número Internacional Estándar del Libro 9978950419
040 ## - FUENTE DE LA CATALOGACIÓN
Centro catalogador/agencia de origen DO-SdBNP
Lengua de catalogación spa
Centro/agencia transcriptor BNPHU
082 ## - NÚMERO DE LA CLASIFICACIÓN DECIMAL DEWEY
Número de clasificación 303.6
Número de documento/Ítem B275p
049 ## - FONDOS LOCALES (OCLC)
Fondos de biblioteca BNGR
100 1# - ENTRADA PRINCIPAL--NOMBRE DE PERSONA
Nombre de persona Barriga López, Franklin,
Fechas asociadas al nombre 1945-
9 (RLIN) 30052
245 10 - MENCIÓN DE TÍTULO
Título Problemas comunes de américa /
Mención de responsabilidad, etc. Franklin Barriga López.
260 ## - PUBLICACIÓN, DISTRIBUCIÓN, ETC.
Lugar de publicación, distribución, etc. Quito :
Nombre del editor, distribuidor, etc. Grupo de Observadores Latinoamericanos ;
-- Instituto Ecuatoriano de Estudios para las Relaciones Internacionales,
Fecha de publicación, distribución, etc. 1999.
300 ## - DESCRIPCIÓN FÍSICA
Extensión 207 p. ;
Dimensiones 22 cm.
490 1# - MENCIÓN DE SERIE
Mención de serie Problemas del mundo contemporáneo
650 #4 - PUNTO DE ACCESO ADICIONAL DE MATERIA--TÉRMINO DE MATERIA
Término de materia o nombre geográfico como elemento de entrada Conflictos políticos
9 (RLIN) 33687
650 #0 - PUNTO DE ACCESO ADICIONAL DE MATERIA--TÉRMINO DE MATERIA
Término de materia o nombre geográfico como elemento de entrada Problemas sociales
9 (RLIN) 9290
830 #0 - PUNTO DE ACCESO ADICIONAL DE SERIE-TÍTULO UNIFORME
Título uniforme Problemas del mundo contemporáneo.
9 (RLIN) 33688
Holdings
Estado de retiro Estado de pérdida Restricciones de uso No para préstamo Código de colección Localización permanente Ubicación/localización actual Ubicación en estantería Fecha de adquisición Número de inventario Total de préstamos Signatura topográfica completa Código de barras Fecha visto por última vez Precio válido a partir de Tipo de ítem Koha Número de copia
    Préstamo interno   Monografías: Libros y Folletos General General En catalogación 26.01.2010 LF1   303.6 B275p 14869-10 25.06.2020 25.06.2020 Préstamo interno  
    Préstamo interno Préstamo restrigido Monografías: Libros y Folletos General General En catalogación 26.01.2010 LF1   303.6 B275p 14869-20 25.06.2020 25.06.2020 Préstamo interno e. 2
    Préstamo interno   Monografías: Libros y Folletos General General En catalogación 26.01.2010 LF1   303.6 B275p 14869-30 25.06.2020 25.06.2020 Préstamo interno e. 3

Powered by Koha